Els Bibliobusos : la resposta bibliotecària als municipis rurals / text: Cristina Montserrat, Núria Ventura la resposta bibliotecària als municipis rurals / text:
Descripción Física:
51 p. : il. ; 30 cm
Otros Autores:
Ventura, Núria
MARC
| LEADER | 00000nam a2200000Ia 4500 | ||
|---|---|---|---|
| 001 | 14712 | ||
| 008 | 160829s2002 xx 000 0 cat d | ||
| 080 | |a A-2-166 | ||
| 100 | |a Montserrat, Cristina |9 1225 | ||
| 245 | |a Els Bibliobusos : |b la resposta bibliotecària als municipis rurals / text: |b Cristina Montserrat, Núria Ventura | ||
| 250 | |a Ed. no venal | ||
| 260 | |a Barcelona : |b Diputació de Barcelona, Xarxa de Municipis, [Servei de Biblioteques], |c 2002 | ||
| 300 | |a 51 p. : |b il. ; |c 30 cm | ||
| 590 | |a Bibliografia | ||
| 650 | 0 | |a Bibliobusos |z Barcelona (Catalunya : Província) |9 30563 | |
| 700 | |a Ventura, Núria |9 18519 | ||
| 710 | |a Barcelona (Catalunya : Província). |b Servei de Biblioteques |9 4217 | ||
| 901 | |a Arxiu | ||
| 942 | |n 1 |2 udc | ||
| 952 | |0 0 |1 0 |4 0 |6 A2166 |7 1 |9 46807 |a Arxiu |b Arxiu |d 2016-12-01 |l 0 |o A-2-166 |p 14712 |r 2016-12-01 00:00:00 |w 2016-12-01 |y ARXIU | ||
| 999 | |c 50600 |d 50600 | ||